00583nam a2200181Ia 4500008004100000040001800041041000800059100002200067245006600089260003900155300001800194490003300212600003000245600005600275650002500331650001600356650002900372130821s1975 sp gr spa  aCo-BoUCMbspa aspa1 aLevesque, Georges10aBergson, vida y muerte del hombre y de DioscGeorges Levesque aBarcelona (España)bHerderc1975 a150 páginas aBiblioteca de filosofía, 3 aBergson, Henrid1879-1941 7aBergson, Henrid1879-1941xPensamiento filosófico04aFilosofía francesa04aFilosofía04aPensamiento filosófico